[Event "SK Münster 3 - SF Telgte 1"]
[Site "Regionalliga 2015/2016"]
[Date "2015.12.05"]
[Round "4.1"]
[White "Hackl-Sommer, René"]
[Black "Wieder, Heiner"]
[Result "0-1"]
[WhiteElo "2009"]
[BlackElo "2080"]
[PlyCount "108"]
[EventDate "2015.??.??"]
[SourceDate "2015.09.11"]

1. d4 f5 2. e4 fxe4 3. Nc3 Nf6 4. Bg5 Nc6 5. d5 Ne5 6. Qe2 c6 7. Bxf6 gxf6 8.
O-O-O cxd5 9. Qh5+ Nf7 10. Qxd5 e6 11. Qxe4 f5 12. Qd3 Bh6+ 13. Kb1 O-O 14. Nf3
Qf6 15. Nb5 Bg7 16. Qb3 b6 17. Nc7 Rb8 18. Ba6 d5 19. Rhe1 Bxa6 20. Nxa6 Rbc8
21. Re2 Rfd8 22. Nd4 e5 23. Nb5 e4 24. c3 Rd7 25. g3 Qc6 26. Red2 Rcd8 27. Nd4
Qg6 28. Nc2 Qh5 29. h4 Bh6 30. Rd4 Qe2 31. Ncb4 Kh8 32. Qc2 Qf3 33. a4 Ne5 34.
Nxd5 Nd3 35. Nab4 Nxf2 36. Nc6 Nxd1 37. Nxd8 Rxd5 38. Rxd5 Ne3 39. Qb3 Nxd5 40.
Qxd5 Qxg3 41. Nf7+ Kg7 42. Ne5 Qg1+ 43. Kc2 Qf2+ 44. Kd1 Be3 45. Qf7+ Kh6 46.
Qf6+ Kh5 47. Qf7+ Kxh4 48. Qxh7+ Kg3 49. Qg8+ Kh2 50. Nc4 Qf3+ 51. Kc2 f4 52.
Qh7+ Kg1 53. Nd6 Qe2+ 54. Kb3 Qd1+ 0-1

[Event "SK Münster 3 - SF Telgte 1"]
[Site "Regionalliga 2015/2016"]
[Date "2015.12.05"]
[Round "4.2"]
[White "Quante, Lennart"]
[Black "Muth, Josef"]
[Result "1/2-1/2"]
[WhiteElo "2012"]
[BlackElo "1987"]
[PlyCount "106"]
[EventDate "2015.??.??"]
[SourceDate "2015.09.11"]

1. d4 Nf6 2. c4 g6 3. Nc3 Bg7 4. e4 d6 5. Bd3 O-O 6. Nge2 Nc6 7. O-O e5 8. d5
Nd4 9. Bb1 Nxe2+ 10. Qxe2 Nh5 11. g3 Bh3 12. Re1 f5 13. exf5 Bxf5 14. Bxf5 Rxf5
15. Ne4 h6 16. Be3 Rf7 17. Qd2 Kh7 18. b4 Qd7 19. Qe2 Qh3 20. f3 Raf8 21. Rf1
b6 22. Rac1 Nf6 23. Nxf6+ Rxf6 24. c5 Qh5 25. g4 Qh3 26. Qg2 Rxf3 27. Qxh3 Rxh3
28. Rxf8 Bxf8 29. cxb6 cxb6 30. Bf2 Ra3 31. Rc2 Kg8 32. Kg2 Kf7 33. Be1 Be7 34.
b5 Bg5 35. Bb4 Rd3 36. Rc7+ Ke8 37. Bxd6 Rxd5 38. Ba3 Rd2+ 39. Kf1 Rxh2 40.
Rxa7 Rxa2 41. Ra6 Be3 42. Bc1 Rf2+ 43. Ke1 Bd4 44. Bxh6 Rb2 45. Ra7 e4 46. Ra8+
Ke7 47. Rg8 e3 48. Rc8 Rxb5 49. Rc4 Rd5 50. Ke2 g5 51. Bxg5+ Rxg5 52. Rxd4 Re5
53. Rd3 b5 1/2-1/2

[Event "SK Münster 3 - SF Telgte 1"]
[Site "Regionalliga 2015/2016"]
[Date "2015.12.05"]
[Round "4.3"]
[White "Lodde, Martin"]
[Black "Van Ackeren, Franz"]
[Result "1-0"]
[WhiteElo "1922"]
[BlackElo "1995"]
[PlyCount "89"]
[EventDate "2015.??.??"]
[SourceDate "2015.09.11"]

1. d4 g6 2. g3 Bg7 3. Bg2 d6 4. e4 c5 5. dxc5 Qa5+ 6. Nc3 Qxc5 7. Nge2 Nf6 8.
h3 Nc6 9. Be3 Qa5 10. O-O O-O 11. a3 Bd7 12. Nd5 Rfc8 13. f4 Qd8 14. Rb1 Nxd5
15. exd5 Na5 16. b3 Qc7 17. c3 Bb5 18. c4 Bd7 19. g4 b5 20. Rc1 bxc4 21. bxc4
Nxc4 22. Bf2 Bb2 23. Nd4 Bxc1 24. Qxc1 Na5 25. Qe3 Be8 26. Re1 Rab8 27. Bh4 Qc3
28. Qxc3 Rxc3 29. Bxe7 Nc4 30. Nc6 Bxc6 31. dxc6 Rc8 32. Bf6 Rxa3 33. c7 Kf8
34. Bd8 Re3 35. Rxe3 Nxe3 36. Bb7 Rxc7 37. Bxc7 Ke7 38. Kf2 Nc4 39. Ba6 Nb6 40.
Bxb6 axb6 41. Ke3 h5 42. gxh5 gxh5 43. f5 Kf6 44. Kf4 h4 45. Bc4 1-0

[Event "SK Münster 3 - SF Telgte 1"]
[Site "Regionalliga 2015/2016"]
[Date "2015.12.05"]
[Round "4.4"]
[White "Wingenfeld, Klaus"]
[Black "Junker, Axel"]
[Result "1-0"]
[WhiteElo "1928"]
[BlackElo "1866"]
[PlyCount "83"]
[EventDate "2015.??.??"]
[SourceDate "2015.09.11"]

1. e4 Nc6 2. Nf3 d6 3. d4 Nf6 4. Nc3 g6 5. h3 Bg7 6. Be3 Bd7 7. Be2 h6 8. Qd2
a6 9. Rd1 b5 10. a3 Qc8 11. e5 Ng8 12. Bf4 Bf5 13. g4 Bd7 14. Qe3 h5 15. gxh5
dxe5 16. Nxe5 Nxe5 17. Bxe5 f6 18. Bf4 g5 19. Qg3 Nh6 20. Be3 Nf5 21. Qg2 Nh4
22. Qg3 Nf5 23. Qg2 Nh4 24. Qd5 Be6 25. Qc6+ Bd7 26. Qc5 O-O 27. Nd5 Qb7 28.
Nxe7+ Kh8 29. d5 Ng2+ 30. Kf1 Nxe3+ 31. fxe3 Rfe8 32. Bg4 f5 33. Nxf5 Rf8 34.
e4 Rae8 35. Kg2 Rxe4 36. Nxg7 Rxg4+ 37. hxg4 Kxg7 38. Qe7+ Rf7 39. Qxg5+ Kh8
40. Rhf1 Rxf1 41. Rxf1 Qc8 42. Rf7 1-0

[Event "SK Münster 3 - SF Telgte 1"]
[Site "Regionalliga 2015/2016"]
[Date "2015.12.05"]
[Round "4.5"]
[White "Kuhlenbäumer, Willi"]
[Black "Baumann, Stephan"]
[Result "1/2-1/2"]
[WhiteElo "1947"]
[BlackElo "1992"]
[PlyCount "110"]
[EventDate "2015.??.??"]
[SourceDate "2015.09.11"]

1. e4 e5 2. Nc3 Nf6 3. Nf3 Nc6 4. d4 exd4 5. Nxd4 Bb4 6. Nxc6 bxc6 7. Bd3 O-O
8. O-O d5 9. e5 Ng4 10. h3 Nxe5 11. Bxh7+ Kxh7 12. Qh5+ Kg8 13. Qxe5 Re8 14.
Qd4 Bd6 15. Bf4 Bb7 16. Bxd6 Qxd6 17. Rfe1 c5 18. Qg4 Re7 19. Rxe7 Qxe7 20. Ne2
Qe5 21. c3 Rd8 22. Rd1 Rd6 23. Nf4 Ba6 24. Qf3 d4 25. cxd4 cxd4 26. Nd3 Bxd3
27. Qxd3 c5 28. Rc1 Qd5 29. g3 Rf6 30. a3 Rc6 31. Rc4 Qe6 32. b4 cxb4 33. Rxc6
Qxc6 34. Qxd4 bxa3 35. Qd8+ Kh7 36. Qd3+ g6 37. Qxa3 Qb6 38. Qe7 Kg7 39. g4 a6
40. h4 Qe6 41. Qb4 Qd5 42. Qc3+ Kh7 43. Kh2 a5 44. f4 a4 45. h5 Qa2+ 46. Kg1
Qb1+ 47. Kf2 Qe4 48. Qf6 Qd5 49. h6 Qd2+ 50. Kf3 Qd1+ 51. Kf2 Qd2+ 52. Kf3 Qd1+
53. Kg3 Qe1+ 54. Kg2 Qe2+ 55. Kg3 Qe1+ 1/2-1/2

[Event "SK Münster 3 - SF Telgte 1"]
[Site "Regionalliga 2015/2016"]
[Date "2015.12.05"]
[Round "4.6"]
[White "Meyer, Ulrich"]
[Black "Kuhlenbäumer, Alfred"]
[Result "1/2-1/2"]
[WhiteElo "1908"]
[BlackElo "1849"]
[PlyCount "101"]
[EventDate "2015.??.??"]
[SourceDate "2015.09.11"]

1. e4 e5 2. Bc4 Nf6 3. d4 Nc6 4. Nf3 Be7 5. d5 Na5 6. Bd3 Bd6 7. Bd2 b6 8. O-O
Nb7 9. Nc3 a6 10. Bg5 Nc5 11. Ne2 O-O 12. Ng3 h6 13. Bd2 Re8 14. Nf5 Bf8 15.
Qe2 d6 16. Ng3 Bb7 17. c4 Nxd3 18. Qxd3 Bc8 19. b4 Bd7 20. a4 Qe7 21. Rfc1 Reb8
22. Qc3 Qe8 23. a5 Bg4 24. Ne1 Bd7 25. f3 Kh7 26. axb6 cxb6 27. Ra2 Bc8 28. Nd3
Nd7 29. Be3 g6 30. Qd2 Bb7 31. Qf2 Qd8 32. f4 exf4 33. Qxf4 Qf6 34. Qxf6 Nxf6
35. Rf2 Ng4 36. Rf3 Nxe3 37. Rxe3 Ra7 38. Rf3 Kg8 39. Rcf1 Bc8 40. h3 Rc7 41.
c5 bxc5 42. bxc5 dxc5 43. Ne5 Bg7 44. Nc4 Rb4 45. Nd6 Bb7 46. Rxf7 Rxf7 47.
Nxf7 a5 48. Nd8 Ba6 49. Rf3 Bd4+ 50. Kh2 Rb1 51. Ne6 1/2-1/2

[Event "SK Münster 3 - SF Telgte 1"]
[Site "Regionalliga 2015/2016"]
[Date "2015.12.05"]
[Round "4.7"]
[White "Hirnstein, Markus"]
[Black "Freise, Eckhard"]
[Result "0-1"]
[WhiteElo "1881"]
[BlackElo "1816"]
[PlyCount "88"]
[EventDate "2015.??.??"]
[SourceDate "2015.09.11"]

1. c4 f5 2. g3 Nf6 3. Bg2 g6 4. Nc3 Bg7 5. d3 d6 6. e4 c6 7. Nge2 a5 8. O-O O-O
9. h3 Na6 10. Be3 e5 11. exf5 gxf5 12. d4 Qe7 13. Qd2 Be6 14. d5 cxd5 15. cxd5
Bd7 16. Bg5 Nc5 17. Rae1 Qf7 18. Be3 Rfc8 19. Rc1 a4 20. Rfd1 b5 21. Bxc5 Rxc5
22. b4 Rc4 23. a3 Rac8 24. Qe3 Qg6 25. f4 Nh5 26. Kh2 Re8 27. Qf2 Qh6 28. Rf1
exf4 29. gxf4 Nxf4 30. Nxf4 Rxf4 31. Qa7 Rxf1 32. Rxf1 Be5+ 33. Kh1 Qg7 34. Nd1
Qg3 35. Qg1 Kh8 36. Rf3 Qh4 37. Qf2 Qg5 38. Bf1 Rg8 39. Nc3 Qg7 40. Nxb5 Bxb5
41. Bxb5 Bd4 42. Qh2 Bg1 43. Qe2 Be3 44. Rf1 Qe5 0-1

[Event "SK Münster 3 - SF Telgte 1"]
[Site "Regionalliga 2015/2016"]
[Date "2015.12.05"]
[Round "4.8"]
[White "Haberkamp, Carl"]
[Black "Esser, Peter"]
[Result "1/2-1/2"]
[WhiteElo "1894"]
[BlackElo "1749"]
[PlyCount "122"]
[EventDate "2015.??.??"]
[SourceDate "2015.09.11"]

1. d4 d5 2. c4 e6 3. Nf3 Nf6 4. g3 c6 5. Qc2 Be7 6. Bg2 O-O 7. O-O Nbd7 8. Nbd2
Re8 9. Rd1 h6 10. e4 dxe4 11. Nxe4 Nxe4 12. Qxe4 Bd6 13. Bf4 Nf6 14. Qe3 Qc7
15. Bxd6 Qxd6 16. c5 Qc7 17. Ne5 Bd7 18. Nc4 Rad8 19. f4 Bc8 20. Qe5 Re7 21. h3
Red7 22. Qxc7 Rxc7 23. Kf2 Rcd7 24. Ke3 h5 25. Ne5 Rc7 26. Rab1 Nd5+ 27. Kd3 b6
28. b4 f6 29. Nc4 Ba6 30. Rdc1 Rcd7 31. Kd2 Bxc4 32. Rxc4 b5 33. Rc2 Ne7 34.
Re1 Rxd4+ 35. Kc1 Kf7 36. Rce2 Rc4+ 37. Kb1 Rxb4+ 38. Ka1 Rc4 39. Rxe6 Rc1+ 40.
Rxc1 Kxe6 41. Re1+ Kf7 42. Bf3 g6 43. f5 Nxf5 44. Bxc6 Nd4 45. Be4 f5 46. Rf1
Ke6 47. Bb7 Kd7 48. Kb2 Kc7 49. Bh1 Ne6 50. c6 Nc5 51. g4 hxg4 52. hxg4 f4 53.
Bf3 Rd3 54. Kc2 Re3 55. Bd5 g5 56. Rh1 Re7 57. Rh5 Rg7 58. Kc3 a5 59. Kd4 Na4
60. Rh8 Nb6 61. Be4 Nc8 1/2-1/2

[Event "SC Gronau 1 - Südlohner SV 1"]
[Site "Regionalliga 2015/2016"]
[Date "2015.12.05"]
[Round "4.1"]
[White "Dönnebrink, Elmar"]
[Black "Monsma, Menno"]
[Result "1/2-1/2"]
[WhiteElo "2054"]
[BlackElo "2075"]
[PlyCount "40"]
[EventDate "2015.??.??"]
[SourceDate "2015.09.11"]

1. e4 c5 2. Nf3 d6 3. d4 cxd4 4. Nxd4 Nf6 5. Nc3 a6 6. Be2 e5 7. Nb3 Be7 8. a4
Be6 9. Bg5 Nbd7 10. Be3 Rc8 11. O-O O-O 12. Bf3 Nb6 13. Re1 Nc4 14. Bc1 Na5 15.
Nxa5 Qxa5 16. Bd2 Qc7 17. Rc1 Rfd8 18. Nd5 Nxd5 19. exd5 Bd7 20. c4 a5 1/2-1/2

[Event "SC Gronau 1 - Südlohner SV 1"]
[Site "Regionalliga 2015/2016"]
[Date "2015.12.05"]
[Round "4.2"]
[White "Storck, Martin"]
[Black "Funke, Reinhard"]
[Result "0-1"]
[WhiteElo "1970"]
[BlackElo "2061"]
[PlyCount "68"]
[EventDate "2015.??.??"]
[SourceDate "2015.09.11"]

1. c4 Nf6 2. Nc3 e5 3. Nf3 Nc6 4. g3 g6 5. Bg2 Bg7 6. O-O O-O 7. d4 d6 8. d5
Ne7 9. e4 Nh5 10. Nh4 Bd7 11. Bg5 Qe8 12. Bxe7 Qxe7 13. Nf5 gxf5 14. Qxh5 fxe4
15. Nxe4 h6 16. Bh3 f5 17. Nc3 Be8 18. Qd1 Bg6 19. Ne2 Kh7 20. Re1 Qf6 21. f4
Rae8 22. Rb1 Bh5 23. Qd2 Re7 24. fxe5 dxe5 25. Nc3 e4 26. Ne2 Qb6+ 27. Kf1 f4
28. Nxf4 e3 29. Qc2+ Bg6 30. Qb3 e2+ 31. Rxe2 Qxb3 32. axb3 Rxe2 33. Kxe2 Bxb1
34. Ne6 Rf7 0-1

[Event "SC Gronau 1 - Südlohner SV 1"]
[Site "Regionalliga 2015/2016"]
[Date "2015.12.05"]
[Round "4.4"]
[White "Lütkehermölle, Martin"]
[Black "Völker, Christian"]
[Result "1/2-1/2"]
[WhiteElo "1931"]
[BlackElo "2037"]
[PlyCount "60"]
[EventDate "2015.??.??"]
[SourceDate "2015.09.11"]

1. e4 d5 2. exd5 Nf6 3. Bb5+ Nbd7 4. d4 Nxd5 5. Nf3 g6 6. Bg5 Bg7 7. Qd2 c6 8.
Bd3 Qb6 9. c3 Nf8 10. Na3 Ne6 11. Nc4 Qc7 12. Bh6 Ndf4 13. Bxg7 Nxg7 14. Bf1 f6
15. g3 Bg4 16. Nh4 Nd5 17. Bg2 Qd7 18. Ne3 Be6 19. Qe2 O-O 20. Nxd5 Bxd5 21.
Bxd5+ Qxd5 22. Qf3 Rad8 23. Qxd5+ Rxd5 24. O-O-O Rfd8 25. f4 e6 26. Rhe1 Kf7
27. Kc2 h5 28. a3 Nf5 29. Nxf5 Rxf5 30. Re4 c5 1/2-1/2

[Event "SC Gronau 1 - Südlohner SV 1"]
[Site "Regionalliga 2015/2016"]
[Date "2015.12.05"]
[Round "4.5"]
[White "Darwisch, Khaled"]
[Black "Reinhold, Klaus"]
[Result "1-0"]
[WhiteElo "2020"]
[BlackElo "1900"]
[PlyCount "113"]
[EventDate "2015.??.??"]
[SourceDate "2015.09.11"]

1. e4 e5 2. Nf3 Nc6 3. Bc4 Bc5 4. c3 Nf6 5. d3 a6 6. Bg5 O-O 7. Nbd2 d6 8. h3
Qe7 9. Qe2 Be6 10. Bd5 h6 11. Bh4 Ba7 12. g4 Nd8 13. g5 hxg5 14. Bxg5 c6 15.
Bb3 Bxb3 16. axb3 Ne6 17. h4 Nf4 18. Bxf4 exf4 19. Ng5 Rfe8 20. Qf3 d5 21. Qxf4
dxe4 22. dxe4 Rad8 23. O-O-O Qc5 24. Rhf1 Rd3 25. Nc4 Bb8 26. Qf5 Qxf5 27. exf5
Rd5 28. Rxd5 Nxd5 29. Kd1 Nf4 30. Ne3 Nd3 31. Kd2 Nc5 32. b4 Ne4+ 33. Kd3 Nf6
34. Nc4 Bc7 35. Rg1 Nd5 36. Ne4 Nf4+ 37. Ke3 b5 38. Ncd2 Nd5+ 39. Kf3 Kf8 40.
Nb3 Re5 41. Nd4 Bb6 42. Nc5 Bxc5 43. bxc5 Ne7 44. b4 Nxf5 45. Nxc6 Nxh4+ 46.
Kf4 Re8 47. Ra1 Ng6+ 48. Kg3 Ra8 49. Nd4 Ne7 50. Nxb5 Nd5 51. Ra3 f5 52. Nd6
Nc7 53. Nxf5 Nb5 54. Rb3 Rd8 55. c4 Nd4 56. Nxd4 Rxd4 57. b5 1-0

[Event "SC Gronau 1 - Südlohner SV 1"]
[Site "Regionalliga 2015/2016"]
[Date "2015.12.05"]
[Round "4.6"]
[White "Tsoukkerman, Boris"]
[Black "Hater, Wolfgang"]
[Result "0-1"]
[WhiteElo "1893"]
[BlackElo "2030"]
[PlyCount "72"]
[EventDate "2015.??.??"]
[SourceDate "2015.09.11"]

1. Nf3 d6 2. d4 Nd7 3. Bf4 g6 4. e3 Bg7 5. h3 e5 6. Bh2 Ne7 7. Be2 O-O 8. O-O
h6 9. c4 f5 10. dxe5 dxe5 11. Nc3 Kh7 12. Qd2 Nc6 13. Nd5 a5 14. Rad1 Nc5 15.
a3 a4 16. Qc2 Bd7 17. Nb4 Qe8 18. Nd5 Qc8 19. Nd2 Re8 20. Nb1 Nd8 21. Nbc3 Nde6
22. Kh1 Rf8 23. Bg1 Qd8 24. f3 c6 25. Nb4 Qe7 26. Nd3 e4 27. Nxc5 Nxc5 28. Bh2
Be5 29. fxe4 Bxh2 30. Kxh2 fxe4 31. Rd4 Rxf1 32. Bxf1 Rf8 33. Be2 Qe5+ 34. Kh1
Bxh3 35. Nxe4 Bf5 36. Qc3 Bxe4 0-1

[Event "SC Gronau 1 - Südlohner SV 1"]
[Site "Regionalliga 2015/2016"]
[Date "2015.12.05"]
[Round "4.7"]
[White "Schmeing, Walter"]
[Black "Rothkegel, Jürgen"]
[Result "1/2-1/2"]
[WhiteElo "2002"]
[BlackElo "1866"]
[PlyCount "71"]
[EventDate "2015.??.??"]
[SourceDate "2015.09.11"]

1. e4 c5 2. Nf3 d6 3. d4 cxd4 4. Nxd4 Nf6 5. Nc3 a6 6. Bg5 e6 7. f4 Be7 8. Qf3
Nbd7 9. O-O-O Qc7 10. Bd3 b5 11. Rhe1 Bb7 12. Qe2 Nc5 13. Nb3 h6 14. Nxc5 dxc5
15. Bxf6 Qxf4+ 16. Kb1 gxf6 17. Bxb5+ Kf8 18. g3 Qe5 19. Bc4 Bc8 20. Rd3 Kg7
21. Nd1 Rd8 22. Nf2 Rb8 23. Rb3 Rxb3 24. axb3 a5 25. Nd3 Qc7 26. Nf4 Kh7 27.
Bd3 Qe5 28. Bc4 Bb7 29. Nd3 Qc7 30. Qh5 Rf8 31. Nf2 Qe5 32. Qe2 Rd8 33. Nd3 Qc7
34. Qh5 Rf8 35. Qe2 Rd8 36. Qh5 1/2-1/2

[Event "SC Gronau 1 - Südlohner SV 1"]
[Site "Regionalliga 2015/2016"]
[Date "2015.12.05"]
[Round "4.8"]
[White "Reckzügel, Philipp"]
[Black "Telöken, Daniel"]
[Result "1/2-1/2"]
[WhiteElo "1904"]
[BlackElo "1839"]
[PlyCount "37"]
[EventDate "2015.??.??"]
[SourceDate "2015.09.11"]

1. Nf3 d5 2. d4 e6 3. e3 Bd6 4. Bd3 Nd7 5. O-O f5 6. c4 Ndf6 7. c5 Be7 8. Ne5
c6 9. b4 a6 10. Nc3 Nh6 11. Na4 Nf7 12. Nb6 Rb8 13. Nxf7 Kxf7 14. f3 Rf8 15.
Bd2 Nd7 16. Nxd7 Bxd7 17. e4 Bf6 18. e5 Be7 19. Qe2 1/2-1/2

[Event "SK Dülmen 1 - Schach Nienberge 1"]
[Site "Regionalliga 2015/2016"]
[Date "2015.12.05"]
[Round "4.1"]
[White "Ringwelski, Marius"]
[Black "Eiersbrock, Robin"]
[Result "1-0"]
[WhiteElo "1999"]
[BlackElo "1994"]
[PlyCount "93"]
[EventDate "2015.??.??"]
[SourceDate "2015.09.11"]

1. c4 Nf6 2. Nc3 g6 3. e4 d6 4. d4 Bg7 5. Nf3 O-O 6. Be2 Nbd7 7. O-O e5 8. Re1
exd4 9. Nxd4 Nc5 10. Bf1 Re8 11. f3 a5 12. Ndb5 Be6 13. Bg5 h6 14. Bh4 Qd7 15.
Qd2 g5 16. Bf2 b6 17. e5 Nh5 18. exd6 Red8 19. Rad1 c6 20. Nc7 Rab8 21. a3 Bf8
22. Bxc5 bxc5 23. Ne4 Bf5 24. Na6 Rb6 25. Naxc5 Qa7 26. Kh1 Qb8 27. Na4 Bxe4
28. fxe4 Rxd6 29. Qxa5 Rb7 30. e5 Rxd1 31. Rxd1 Be7 32. c5 Kg7 33. Qc3 Nf4 34.
Nb6 Rxb6 35. cxb6 Qxb6 36. b4 Qf2 37. Qd4 Qc2 38. e6+ Bf6 39. Qd2 Qb3 40. exf7
Qxa3 41. f8=Q+ Kxf8 42. Qd6+ Kg7 43. Qxc6 Qxb4 44. Rd7+ Kg6 45. g4 Qb1 46. Qc4
Bg7 47. Qf7+ 1-0

[Event "SK Dülmen 1 - Schach Nienberge 1"]
[Site "Regionalliga 2015/2016"]
[Date "2015.12.05"]
[Round "4.2"]
[White "Wewers, Reinhard"]
[Black "Kemper, Georg"]
[Result "1-0"]
[WhiteElo "1990"]
[BlackElo "1887"]
[PlyCount "65"]
[EventDate "2015.??.??"]
[SourceDate "2015.09.11"]

1. Nf3 e6 2. c4 f5 3. g3 Nf6 4. Bg2 d5 5. O-O Bd6 6. Nc3 O-O 7. d3 dxc4 8. dxc4
Nc6 9. e4 Nxe4 10. Nxe4 fxe4 11. Ng5 Be7 12. Nxe4 e5 13. Qxd8 Nxd8 14. Be3 c6
15. h3 Nf7 16. Rfd1 b6 17. Nc3 Rb8 18. Bxc6 Bxh3 19. Bd7 Bxd7 20. Rxd7 Bc5 21.
Bxc5 bxc5 22. b3 Ng5 23. Kg2 Rb6 24. Rd5 Rbf6 25. Rf1 Rf3 26. Rxe5 Rxc3 27.
Rxg5 Rc2 28. Rxc5 Rxa2 29. Rc7 a5 30. c5 Rb8 31. Rd1 Rf8 32. Rdd7 Raxf2+ 33.
Kh3 1-0

[Event "SK Dülmen 1 - Schach Nienberge 1"]
[Site "Regionalliga 2015/2016"]
[Date "2015.12.05"]
[Round "4.3"]
[White "Gottkehaskamp, Philipp"]
[Black "Mohnke, Martin"]
[Result "1-0"]
[WhiteElo "1975"]
[BlackElo "1978"]
[PlyCount "103"]
[EventDate "2015.??.??"]
[SourceDate "2015.09.11"]

1. e4 c5 2. Nf3 e6 3. d3 Nc6 4. g3 g6 5. d4 cxd4 6. Nxd4 Bg7 7. Nb5 Be5 8. N1c3
Qe7 9. f4 Bb8 10. Be3 a6 11. Nd4 d6 12. Bg2 Bd7 13. O-O h5 14. Qd2 Nf6 15. f5
Ng4 16. fxe6 Bxe6 17. Nxc6 bxc6 18. Bg5 Qc7 19. h3 Ne5 20. b3 Qd7 21. Bf6 Rh7
22. Rad1 Qc7 23. Ne2 Nd7 24. Bg5 Qb6+ 25. Kh1 Ne5 26. Nf4 Bd7 27. Bf6 Ra7 28.
Nd3 Nxd3 29. Qxd3 Be6 30. Bd4 c5 31. Be3 Rd7 32. c4 Qd8 33. h4 f6 34. e5 Bf5
35. Rxf5 gxf5 36. Bc6 Qc7 37. Bxd7+ Qxd7 38. exf6 Qc6+ 39. Qd5 Qxd5+ 40. Rxd5
Kd7 41. Bxc5 Ke6 42. Bd4 Bc7 43. Kg2 Bd8 44. Kf3 Rd7 45. Kf4 Bxf6 46. Bxf6 Kxf6
47. Rxf5+ Kg6 48. Rg5+ Kh6 49. Ke4 Re7+ 50. Kd5 Re2 51. Kxd6 Rxa2 52. c5 1-0

[Event "SK Dülmen 1 - Schach Nienberge 1"]
[Site "Regionalliga 2015/2016"]
[Date "2015.12.05"]
[Round "4.4"]
[White "Grund, Wolfgang"]
[Black "Haas, Kai Markus"]
[Result "1-0"]
[WhiteElo "1856"]
[BlackElo "2000"]
[PlyCount "87"]
[EventDate "2015.??.??"]
[SourceDate "2015.09.11"]

1. e4 d5 2. exd5 Nf6 3. d4 Bg4 4. Be2 Bxe2 5. Nxe2 Qxd5 6. O-O Nc6 7. c3 O-O-O
8. Qb3 Qh5 9. Nf4 Qf5 10. Qxf7 Rd6 11. Re1 Nd8 12. Qc4 g5 13. Qd3 Qd7 14. Ne2
Nf7 15. Na3 h5 16. Nc4 Rd5 17. Qg6 Rh7 18. Ne3 Rd6 19. Qf5 Kb8 20. Qxd7 Rxd7
21. Nc4 Rd5 22. Ng3 g4 23. Bf4 h4 24. Ne4 Nh5 25. Be5 Nxe5 26. Nxe5 Rg7 27. Nc5
Nf6 28. Rad1 Rg8 29. c4 Rd6 30. d5 g3 31. fxg3 hxg3 32. hxg3 Rxg3 33. Nf7 Rb6
34. Nd3 a5 35. b3 Ka7 36. Re6 Rxe6 37. dxe6 Re3 38. Nf4 Bg7 39. Rd7 Re4 40. g3
Ng8 41. Rxc7 Bd4+ 42. Kg2 Bb6 43. Rc8 Nf6 44. c5 1-0

[Event "SK Dülmen 1 - Schach Nienberge 1"]
[Site "Regionalliga 2015/2016"]
[Date "2015.12.05"]
[Round "4.5"]
[White "Althoff, Franz"]
[Black "Stegemann, Norbert"]
[Result "1-0"]
[WhiteElo "2000"]
[BlackElo "1972"]
[PlyCount "111"]
[EventDate "2015.??.??"]
[SourceDate "2015.09.11"]

1. Nf3 Nf6 2. d4 d5 3. c4 e6 4. Bg5 Be7 5. Nc3 O-O 6. e3 b6 7. cxd5 exd5 8. Bd3
Be6 9. O-O c5 10. Qc2 c4 11. Bxf6 cxd3 12. Bxe7 dxc2 13. Bxd8 Rxd8 14. Ne1 Nc6
15. Nxc2 b5 16. f3 Rab8 17. Rad1 Na5 18. Rfe1 Nc4 19. b3 Na5 20. Nb4 Kf8 21. e4
dxe4 22. d5 Bd7 23. Nxe4 Bf5 24. Rc1 Bxe4 25. fxe4 f6 26. Rc7 Rb7 27. Rc5 Rb6
28. Kf2 Nb7 29. Rc7 a5 30. Nc6 Re8 31. Kf3 a4 32. Nd4 Re7 33. Rec1 axb3 34.
axb3 Nd8 35. Rxe7 Kxe7 36. Rc7+ Kf8 37. b4 Rb8 38. Rc5 Nf7 39. Rxb5 Ra8 40. Ra5
Ne5+ 41. Ke2 Rc8 42. Ne6+ Kg8 43. Rc5 Ra8 44. Rc2 g5 45. Nd4 Ra1 46. b5 Rb1 47.
Rc8+ Kf7 48. Rc7+ Ke8 49. Rxh7 Rb4 50. Nc6 Rxb5 51. Nxe5 fxe5 52. Rg7 Rb2+ 53.
Kf3 Rb3+ 54. Kg4 Rb2 55. g3 Re2 56. Kf5 1-0

[Event "SK Dülmen 1 - Schach Nienberge 1"]
[Site "Regionalliga 2015/2016"]
[Date "2015.12.05"]
[Round "4.6"]
[White "Rebber, Christian"]
[Black "Keller, Dirk"]
[Result "1/2-1/2"]
[WhiteElo "1848"]
[BlackElo "1887"]
[PlyCount "24"]
[EventDate "2015.??.??"]
[SourceDate "2015.09.11"]

1. e4 c5 2. Nc3 Nc6 3. f4 d6 4. Nf3 g6 5. Bb5 Bd7 6. d3 Bg7 7. O-O e6 8. Qe1
Nge7 9. Bd2 Nd4 10. Bxd7+ Qxd7 11. Nxd4 cxd4 12. Ne2 O-O 1/2-1/2

[Event "SK Dülmen 1 - Schach Nienberge 1"]
[Site "Regionalliga 2015/2016"]
[Date "2015.12.05"]
[Round "4.8"]
[White "Liebing, Ingo"]
[Black "Scharlow, Siegmar"]
[Result "0-1"]
[WhiteElo "1763"]
[BlackElo "1741"]
[PlyCount "126"]
[EventDate "2015.??.??"]
[SourceDate "2015.09.11"]

1. c4 Nf6 2. g3 d5 3. Bg2 dxc4 4. Na3 c6 5. Nxc4 e6 6. Nf3 Be7 7. O-O O-O 8. d3
Nbd7 9. b3 b5 10. Nce5 Bb7 11. Bb2 Rc8 12. Qd2 Qb6 13. Rac1 Rfd8 14. Nxf7 Kxf7
15. Ng5+ Kg8 16. Nxe6 Re8 17. Qg5 Bf8 18. Bh3 c5 19. Nxf8 Nxf8 20. Bxc8 Rxc8
21. Bxf6 Qxf6 22. Qxf6 gxf6 23. Rc2 Ne6 24. e3 Rd8 25. h4 Rxd3 26. Rfc1 f5 27.
Kf1 Bd5 28. Ke1 c4 29. bxc4 Bxc4 30. a4 a6 31. axb5 axb5 32. Rc3 Nc5 33. Rxc4
bxc4 34. Rxc4 Rd5 35. Rd4 Rxd4 36. exd4 Nb3 37. d5 Kf7 38. Ke2 Kf6 39. Ke3 Ke5
40. d6 Kxd6 41. Kf4 Ke6 42. Kg5 Nd2 43. Kf4 Kf6 44. f3 h6 45. g4 Nb3 46. Kg3
Nd4 47. f4 fxg4 48. Kxg4 Kg6 49. f5+ Nxf5 50. h5+ Kf6 51. Kf4 Ng7 52. Kg4 Ke5
53. Kg3 Nxh5+ 54. Kh4 Nf6 55. Kg3 Kf5 56. Kh4 Kf4 57. Kh3 Kg5 58. Kg2 h5 59.
Kh3 Ne4 60. Kg2 Kg4 61. Kh2 h4 62. Kg2 h3+ 63. Kh1 Kg3 0-1

[Event "SK Münster 2 - SC Klein-Berlin Rheine 1"]
[Site "Regionalliga 2015/2016"]
[Date "2015.12.05"]
[Round "4.1"]
[White "Ottens, Stephan"]
[Black "Rehfeldt, Frank"]
[Result "1-0"]
[WhiteElo "2084"]
[BlackElo "2144"]
[PlyCount "93"]
[EventDate "2015.??.??"]
[SourceDate "2015.09.11"]

1. e4 c6 2. d4 d5 3. Nc3 dxe4 4. Nxe4 Bf5 5. Ng3 Bg6 6. h4 h6 7. Nf3 Nd7 8. h5
Bh7 9. Bd3 Bxd3 10. Qxd3 e6 11. Bf4 Qa5+ 12. Bd2 Bb4 13. c3 Be7 14. c4 Qc7 15.
O-O-O Ngf6 16. Ne4 Nxe4 17. Qxe4 Nf6 18. Qe2 O-O-O 19. g3 Rhe8 20. Bc3 Kb8 21.
Kb1 Ka8 22. Ne5 Bd6 23. f4 Rb8 24. Qf3 Rec8 25. Rd3 b5 26. Ba5 Qxa5 27. Nxc6
Qc7 28. Nxb8+ Kxb8 29. c5 Be7 30. Rb3 Qd7 31. a4 a6 32. axb5 axb5 33. Qd3 Kc7
34. Rxb5 Kd8 35. Rc1 Nd5 36. Qb3 Qc6 37. Rb8 Bf6 38. Rc4 Nc7 39. Qb7 Qxb7 40.
Rxb7 Kd7 41. Kc2 Bxd4 42. Rxd4+ Kc6 43. Rxc7+ Rxc7 44. b4 Re7 45. Kc3 f5 46.
Rd6+ Kc7 47. Kd4 1-0

[Event "SK Münster 2 - SC Klein-Berlin Rheine 1"]
[Site "Regionalliga 2015/2016"]
[Date "2015.12.05"]
[Round "4.2"]
[White "Holtel, Jasper"]
[Black "Brümmer, Frank"]
[Result "1-0"]
[WhiteElo "2267"]
[BlackElo "2177"]
[PlyCount "59"]
[EventDate "2015.??.??"]
[SourceDate "2015.09.11"]

1. e4 e6 2. d4 d5 3. Nc3 Nf6 4. e5 Ne4 5. Nxe4 dxe4 6. Bc4 c5 7. d5 Qb6 8. c3
Nd7 9. dxe6 fxe6 10. Nh3 Nxe5 11. Qh5+ Nf7 12. Ng5 g6 13. Qe2 Nxg5 14. Bxg5 Bg7
15. O-O-O O-O 16. h4 Qa5 17. h5 b5 18. Qxe4 bxc4 19. Qxa8 Qxa2 20. f3 Qa1+ 21.
Kc2 Qa4+ 22. Kb1 e5 23. Qd5+ Kh8 24. g4 gxh5 25. Qe4 Bd7 26. Rd6 Be8 27. Bh6 h4
28. Rxh4 Bxh6 29. Rhxh6 Bg6 30. Qxg6 1-0